Catálogo
 En Linea

De imagen a palabra : (Registro nro. 40707)

Detalles MARC
000 -CABECERA
campo de control de longitud fija 00944nam a2200241 a 4500
001 - NÚMERO DE CONTROL
campo de control 000041217
005 - FECHA Y HORA DE LA ÚLTIMA TRANSACCIÓN
campo de control 20201002034720.0
008 - DATOS DE LONGITUD FIJA--INFORMACIÓN GENERAL
campo de control de longitud fija 130926s2009 uy c 000 0 spa d
020 ## - NÚMERO INTERNACIONAL ESTÁNDAR DEL LIBRO
Número Internacional Estándar del Libro 9789974550728
040 ## - FUENTE DE LA CATALOGACIÓN
Centro catalogador/agencia de origen DO-SdBNP
Lengua de catalogación spa
Centro/agencia transcriptor BNPHU
082 ## - NÚMERO DE LA CLASIFICACIÓN DECIMAL DEWEY
Número de clasificación 770
Número de documento/Ítem D278i
245 00 - MENCIÓN DE TÍTULO
Título De imagen a palabra :
Resto del título la iconografía de la biblioteca Nacional como fuente documental. /
Mención de responsabilidad, etc. coordinadores, Carlos Demasi, Alicia Fernández.
260 ## - PUBLICACIÓN, DISTRIBUCIÓN, ETC.
Lugar de publicación, distribución, etc. Montevideo :
Nombre del editor, distribuidor, etc. Biblioteca Nacional,
Fecha de publicación, distribución, etc. 2009.
300 ## - DESCRIPCIÓN FÍSICA
Extensión 88 p. :
Otras características físicas retr. ;
Dimensiones 24 cm.
490 1# - MENCIÓN DE SERIE
Mención de serie Cuaderno de historia
Designación de volumen o secuencia 1
500 ## - NOTA GENERAL
Nota general Incluye bibliografía al final de los capítulos
500 ## - NOTA GENERAL
Nota general Incluye referencias bibliográficas y notas al pie de las páginas
651 #4 - PUNTO DE ACCESO ADICIONAL DE MATERIA--NOMBRE GEOGRÁFICO
Nombre geográfico Uruguay
Subdivisión general Historia
Subdivisión de forma FOTOGRAFÍAS
9 (RLIN) 67794
700 12 - PUNTO DE ACCESO ADICIONAL--NOMBRE DE PERSONA
Nombre de persona Demasi, Carlos
Término indicativo de función/relación coord.
9 (RLIN) 67795
700 12 - PUNTO DE ACCESO ADICIONAL--NOMBRE DE PERSONA
Nombre de persona Fernández, Alicia
Término indicativo de función/relación coord.
9 (RLIN) 67796
830 #0 - PUNTO DE ACCESO ADICIONAL DE SERIE-TÍTULO UNIFORME
Título uniforme Cuaderno de historia
Designación de volumen o secuencia 1
9 (RLIN) 67797
910 ## - DATOS DE OPCIÓN DEL USUARIO (OCLC)
Datos de opción del usuario Validado. Control de calidad MFF
Existencias
Estado de retiro Estado de pérdida Restricciones de uso No para préstamo Código de colección Localización permanente Ubicación/localización actual Ubicación en estantería Fecha de adquisición Número de inventario Total de préstamos Signatura topográfica completa Código de barras Fecha visto por última vez Precio válido a partir de Tipo de ítem Koha
      Excluido de préstamo Monografías: Libros y Folletos General General Depósito 26.09.2013 LF1   770 D278i 41217-10 25.06.2020 25.06.2020 No se presta

Con tecnología Koha